000 01347nam0a2200289 i 4500
001 RU\NLR\bibl\1945597
005 20240921141051.0
010 _a9785814600530
_9500
021 _aRU
_b2012-62118
_94552
035 _a(NLR Aleph) 001934823
090 _a3485263
_c3485263
100 _a20120917d2012 u y0rusy50 ca
101 0 _arus
102 _aRU
105 _aa |||||||||
200 1 _aТехнология формирования культуры общения будущих специалистов (практико-ориентированный аспект)
_eмонография
_fС.В. Дрокина
_gМ-во образования и науки Рос. Федерации, НОУ ВПО "Тольяттинская акад. упр."
210 _aТольятти
_cНОУ ВПО "Тольяттинская академия управления"
_d2012
215 _a266 с., [1] л. табл.
_cил.
_d21
320 _aБиблиогр.: с. 220-226 (77 назв.)
606 1 _aСтуденты
_xВоспитание культуры общения
_92351821
_3RU\NLR\auth\661405002
686 _aЧ481.352.25
700 1 _aДрокина
_bС. В.
_gСветлана Владимировна
_4070
801 0 _aRU
_bNLR
_c20120917
_gRCR
801 1 _aRU
_bNLR
_c20120917
942 _cBOOK
980 _aNBR